[Event "RUS-chT U18"]
[Site "St Petersburg"]
[Date "2015.08.04"]
[Round "4.13"]
[White "Kruzhilin, Aleksey"]
[Black "Tarasov, Alexandr"]
[Result "0-1"]
[WhiteElo "2141"]
[BlackElo "2305"]
[PlyCount "74"]
[EventDate "2015.08.01"]
[EventType "team-swiss"]
[EventRounds "9"]
[EventCountry "RUS"]
[SourceTitle "CBM 167 Extra"]
[Source "ChessBase"]
[SourceDate "2015.09.14"]
[SourceVersion "1"]
[SourceVersionDate "2015.09.14"]
[SourceQuality "1"]
[WhiteTeam "Saratov Gbudo"]
[BlackTeam "Moscow SSHOR Youth III"]
[WhiteTeamCountry "RUS"]
[BlackTeamCountry "RUS"]

1. d4 e6 2. g3 c5 3. Nf3 Nf6 4. c4 cxd4 5. Nxd4 d5 6. Bg2 e5 7. Nf3 d4 8. 0-0 Nc6 9. Qa4 Nd7 10. a3 Nc5 11. Qd1 a5 12. Nbd2 Be7 13. Ne1 Bg4 14. h3 Bh5 15. Ne4 Nxe4 16. Bxe4 Qd7 17. Kg2 Bg6 18. Bd5 Bf5 19. g4 Be6 20. e4 dxe3 21. Bxe3 Rd8 22. Nf3 h5 23. Qa4 hxg4 24. hxg4 Bxg4 25. Bxc6 Bh3+ 26. Kg1 bxc6 27. Nxe5 Qf5 28. Qxc6+ Kf8 29. f4 Bxf1 30. Rxf1 Qh3 31. Kf2 Bh4+ 32. Ke2 Qh2+ 33. Bf2 Bxf2 34. Rxf2 Qg1 35. Qc7 Qd1+ 36. Ke3 Rh3+ 37. Ke4 Qb1+ 0-1

[Event "Samara Polugaevsky Memorial 5th"]
[Site "Samara"]
[Date "2015.07.10"]
[Round "8"]
[White "Kruzhilin, Aleksey"]
[Black "Sarana, Alexey"]
[Result "1-0"]
[WhiteElo "2172"]
[BlackElo "2435"]
[PlyCount "77"]
[EventDate "2015.07.03"]
[EventType "swiss"]
[EventRounds "9"]
[EventCountry "RUS"]
[SourceTitle "EXT 2017"]
[Source "ChessBase"]
[SourceDate "2016.10.25"]
[SourceVersion "1"]
[SourceVersionDate "2016.10.25"]
[SourceQuality "1"]

1. d4 Nf6 2. c4 g6 3. Nc3 Bg7 4. e4 d6 5. Nf3 0-0 6. h3 c5 7. d5 e6 8. Bd3 exd5 9. exd5 Re8+ 10. Be3 Nfd7 11. 0-0 Ne5 12. Nxe5 Bxe5 13. Qd2 Nd7 14. Rae1 Bg7 15. Bg5 f6 16. Rxe8+ Qxe8 17. Re1 Ne5 18. Bh4 Qf8 19. Bf1 Bd7 20. f4 Nf7 21. Ne4 Nh6 22. Qa5 Nf5 23. Qc7 Nxh4 24. Qxd7 Nf5 25. g4 Nd4 26. Bg2 Rd8 27. Qxb7 Qf7 28. Nxd6 Rxd6 29. Re7 Qf8 30. Qc7 Rd8 31. Rxg7+ Qxg7 32. Qxd8+ Qf8 33. Qxf8+ Kxf8 34. Kf2 h6 35. Be4 g5 36. fxg5 hxg5 37. Ke3 Ke7 38. b4 Kd6 39. Bd3 1-0

[Event "Samara Polugaevsky Memorial 5th"]
[Site "Samara"]
[Date "2015.07.05"]
[Round "3"]
[White "Voit, Daria"]
[Black "Kruzhilin, Aleksey"]
[Result "1-0"]
[WhiteElo "2351"]
[BlackElo "2172"]
[PlyCount "83"]
[EventDate "2015.07.03"]
[EventType "swiss"]
[EventRounds "9"]
[EventCountry "RUS"]
[SourceTitle "EXT 2017"]
[Source "ChessBase"]
[SourceDate "2016.10.25"]
[SourceVersion "1"]
[SourceVersionDate "2016.10.25"]
[SourceQuality "1"]

1. d4 Nf6 2. c4 e6 3. Nf3 Bb4+ 4. Nbd2 0-0 5. e3 d5 6. a3 Be7 7. b4 a5 8. b5 c5 9. dxc5 Bxc5 10. Bb2 Nbd7 11. cxd5 Nxd5 12. Ne4 Be7 13. Qd4 N7f6 14. Bd3 Bd7 15. 0-0 Qb6 16. Nxf6+ Bxf6 17. Qe4 g6 18. Bxf6 Nxf6 19. Qe5 Nd5 20. e4 f6 21. Qb2 Nf4 22. Bc4 Rac8 23. Rac1 Rxc4 24. Rxc4 Qxb5 25. Rc2 Qh5 26. Qxb7 Nxg2 27. Qxd7 Rf7 28. Qd1 Nf4 29. Kh1 Kg7 30. Ng1 Qb5 31. Re1 e5 32. Ne2 Nh3 33. Nc3 Qc5 34. Nd5 Qxf2 35. Rf1 Qh4 36. Qe1 Qg4 37. Nxf6 Qe6 38. Nd5 Qg4 39. Rxf7+ Kxf7 40. Qf1+ Kg7 41. Rc7+ Kh6 42. Rxh7+ 1-0

[Event "Moscow op-A"]
[Site "Moscow"]
[Date "2015.02.02"]
[Round "3"]
[White "Miroshnichenko, Pavel"]
[Black "Kruzhilin, Aleksey"]
[Result "1-0"]
[WhiteElo "2245"]
[BlackElo "2141"]
[PlyCount "81"]
[EventDate "2015.01.31"]
[EventType "swiss"]
[EventRounds "9"]
[EventCountry "RUS"]
[SourceTitle "CBM 164 Extra"]
[Source "ChessBase"]
[SourceDate "2015.03.02"]
[SourceVersion "1"]
[SourceVersionDate "2015.03.02"]
[SourceQuality "1"]

1. e4 e5 2. Nf3 Nc6 3. Bb5 a6 4. Ba4 Nf6 5. d3 b5 6. Bb3 Be7 7. Nc3 0-0 8. a4 b4 9. Nd5 d6 10. h3 Rb8 11. Bd2 Be6 12. a5 Nd7 13. Be3 Nf6 14. Ng5 Bd7 15. Nxf6+ Bxf6 16. h4 g6 17. Qf3 h5 18. Qg3 Kg7 19. 0-0 Rb5 20. f4 exf4 21. Qxf4 Ne5 22. d4 Ng4 23. Bc4 Nxe3 24. Qxe3 Bxg5 25. hxg5 Qxg5 26. Qf2 Rbb8 27. Bxa6 Ra8 28. Bb7 Ra7 29. a6 c5 30. e5 Bc8 31. exd6 Bxb7 32. axb7 Rxb7 33. dxc5 Rb5 34. c6 Rd5 35. Ra7 Rd2 36. Rxf7+ Kh6 37. Rxf8 Rxf2 38. R8xf2 h4 39. d7 Qd5 40. Rf3 g5 41. Rd3 1-0

[Event "Saratov Regional-ch"]
[Site "Saratov"]
[Date "2014.12.12"]
[Round "7"]
[White "Kruzhilin, Aleksey"]
[Black "Biryukov, Dmitriy"]
[Result "1/2-1/2"]
[WhiteElo "2059"]
[BlackElo "2278"]
[PlyCount "128"]
[EventDate "2014.12.06"]
[EventType "swiss"]
[EventRounds "9"]
[EventCountry "RUS"]
[SourceTitle "CBM 164 Extra"]
[Source "ChessBase"]
[SourceDate "2015.03.02"]
[SourceVersion "1"]
[SourceVersionDate "2015.03.02"]
[SourceQuality "1"]

1. d4 d6 2. c4 g6 3. Nc3 Bg7 4. e4 Nf6 5. Nf3 0-0 6. h3 e5 7. d5 Nh5 8. g3 Nd7 9. Be2 a5 10. Nh2 Nhf6 11. Ng4 Nc5 12. Nxf6+ Bxf6 13. Be3 Bg5 14. Bxc5 dxc5 15. h4 Bh6 16. h5 Kg7 17. Qd3 f5 18. hxg6 hxg6 19. Bf3 Qf6 20. Ke2 Bd7 21. Rh2 Qd6 22. Rah1 Rh8 23. Nd1 Bg5 24. Rxh8 Rxh8 25. Rxh8 Kxh8 26. Ne3 Bxe3 27. Qxe3 Kg7 28. Qg5 Qf6 29. Qxf6+ Kxf6 30. Ke3 Kg5 31. exf5 gxf5 32. Be2 Be8 33. f4+ exf4+ 34. gxf4+ Kh4 35. Bd3 Kg4 36. Be2+ Kg3 37. Bd3 Bd7 38. b3 Kh4 39. Be2 Be8 40. Bd3 Bg6 41. a3 Kh5 42. Be2+ Kh6 43. Bd3 Kg7 44. Kd2 Kf6 45. Be2 Be8 46. Kc3 Ke7 47. Bd3 Bd7 48. Bc2 Kd6 49. Bd3 b6 50. Kd2 Ke7 51. Ke3 Kf6 52. Bc2 Be8 53. Bd1 c6 54. dxc6 Bxc6 55. Bc2 Be8 56. Bd1 Bf7 57. Be2 Be6 58. Bd3 Bd7 59. a4 Kg6 60. Be2 Bc6 61. Bd3 Bg2 62. Bc2 Bh3 63. Bd1 Bg2 64. Bf3 Bxf3 1/2-1/2

[Event "Saratov Regional-ch"]
[Site "Saratov"]
[Date "2014.12.11"]
[Round "6"]
[White "Kruzhilin, Aleksey"]
[Black "Karpenko, Artem"]
[Result "1-0"]
[WhiteElo "2059"]
[BlackElo "2165"]
[PlyCount "105"]
[EventDate "2014.12.06"]
[EventType "swiss"]
[EventRounds "9"]
[EventCountry "RUS"]
[SourceTitle "CBM 164 Extra"]
[Source "ChessBase"]
[SourceDate "2015.03.02"]
[SourceVersion "1"]
[SourceVersionDate "2015.03.02"]
[SourceQuality "1"]

1. d4 d5 2. c4 c6 3. Nf3 Nf6 4. g3 Bf5 5. Nc3 e6 6. Nh4 Be4 7. f3 Bg6 8. Nxg6 hxg6 9. Qb3 Qc8 10. Be3 Bd6 11. Bf2 Nbd7 12. 0-0-0 0-0 13. Kb1 a5 14. e4 dxe4 15. fxe4 e5 16. d5 Bc5 17. Bxc5 Nxc5 18. Qc2 Rd8 19. Bg2 Rb8 20. Qf2 cxd5 21. Nxd5 Nxd5 22. cxd5 b6 23. h4 Rd6 24. h5 Rf6 25. Qe2 g5 26. Bh3 Qa6 27. Qe3 Qc4 28. Bf5 Rd8 29. g4 Rfd6 30. Rhe1 Kf8 31. Rh1 Kg8 32. Rh2 Qa4 33. Rdd2 Qc4 34. Rh1 Qb4 35. Rc1 a4 36. Rc3 Kf8 37. a3 Qb5 38. Qxg5 Qf1+ 39. Ka2 Nb3 40. Rxb3 axb3+ 41. Kxb3 Qb5+ 42. Ka2 Qc4+ 43. Kb1 Qf1+ 44. Ka2 b5 45. Rc2 Qf4 46. Qh4 Kg8 47. Qe7 Qh6 48. g5 Qxh5 49. Rc6 Qe2 50. Rc7 Qh5 51. g6 Rf8 52. gxf7+ Qxf7 53. Qxd6 1-0

[Event "Voronezh op-B 18th"]
[Site "Voronezh"]
[Date "2014.06.20"]
[Round "9"]
[White "Kruzhilin, Aleksey"]
[Black "Ioffe, Ilya"]
[Result "0-1"]
[WhiteElo "2081"]
[BlackElo "1980"]
[PlyCount "70"]
[EventDate "2014.06.12"]
[EventType "swiss"]
[EventRounds "9"]
[EventCountry "RUS"]
[SourceTitle "EXT 2015"]
[Source "ChessBase"]
[SourceDate "2014.11.20"]
[SourceVersion "1"]
[SourceVersionDate "2014.11.20"]
[SourceQuality "1"]

1. d4 d5 2. c4 c6 3. cxd5 cxd5 4. Nc3 Nf6 5. Bf4 Nc6 6. e3 Bf5 7. Rc1 Rc8 8. Nf3 e6 9. Bb5 Nd7 10. Qa4 a6 11. Bxc6 Rxc6 12. 0-0 Be7 13. b4 0-0 14. b5 Rc4 15. Qd1 Ba3 16. e4 Bxc1 17. Qxc1 dxe4 18. Nd2 Rxd4 19. bxa6 bxa6 20. Be3 Rd3 21. Ncxe4 Qc8 22. Qb2 Bxe4 23. Nxe4 Qc4 24. Ng3 Rb8 25. Qe2 h6 26. Rc1 Qd5 27. h3 Nf6 28. Rc5 Rd1+ 29. Kh2 Qd3 30. Qf3 Nd5 31. Ne4 Nxe3 32. fxe3 Rf1 33. Qg3 Rbb1 34. Rc8+ Kh7 35. Qg4 Qxe3 0-1

[Event "Voronezh op-B 18th"]
[Site "Voronezh"]
[Date "2014.06.19"]
[Round "8"]
[White "Kolybelkin, Oleg"]
[Black "Kruzhilin, Aleksey"]
[Result "0-1"]
[WhiteElo "1746"]
[BlackElo "2081"]
[PlyCount "86"]
[EventDate "2014.06.12"]
[EventType "swiss"]
[EventRounds "9"]
[EventCountry "RUS"]
[SourceTitle "EXT 2015"]
[Source "ChessBase"]
[SourceDate "2014.11.20"]
[SourceVersion "1"]
[SourceVersionDate "2014.11.20"]
[SourceQuality "1"]

1. e4 e5 2. Nf3 Nc6 3. Bb5 a6 4. Ba4 Nf6 5. 0-0 b5 6. Bb3 Bb7 7. Re1 Bc5 8. c3 d6 9. d4 Bb6 10. h3 0-0 11. Bg5 h6 12. Bh4 g5 13. Nxg5 hxg5 14. Bxg5 Kg7 15. Re3 Qd7 16. Rg3 Ne7 17. Bxf6+ Kxf6 18. dxe5+ Kxe5 19. Qh5+ f5 20. Nd2 d5 21. Nf3+ Kd6 22. exd5 Bxd5 23. Bxd5 Nxd5 24. Rg6+ Rf6 25. Rxf6+ Nxf6 26. Rd1+ Nd5 27. b3 Kc5 28. Qh6 Qd6 29. Qg7 Rd8 30. Ne5 Rg8 31. Nd3+ Kc6 32. Nb4+ Qxb4 33. Qxg8 Nxc3 34. Qe8+ Kb7 35. Rd8 Ba7 36. Qe6 Bxf2+ 37. Kxf2 Qh4+ 38. Kf3 Qxd8 39. Qxf5 Qd1+ 40. Kg3 Qe1+ 41. Kg4 Nxa2 42. h4 Qb4+ 43. Qf4 Qxb3 0-1

[Event "Voronezh op-B 18th"]
[Site "Voronezh"]
[Date "2014.06.17"]
[Round "6"]
[White "Mokshin, Maksim"]
[Black "Kruzhilin, Aleksey"]
[Result "1-0"]
[WhiteElo "2006"]
[BlackElo "2081"]
[PlyCount "101"]
[EventDate "2014.06.12"]
[EventType "swiss"]
[EventRounds "9"]
[EventCountry "RUS"]
[SourceTitle "EXT 2015"]
[Source "ChessBase"]
[SourceDate "2014.11.20"]
[SourceVersion "1"]
[SourceVersionDate "2014.11.20"]
[SourceQuality "1"]

1. e4 e5 2. Nf3 Nc6 3. Bb5 a6 4. Ba4 Nf6 5. d3 b5 6. Bb3 Be7 7. 0-0 0-0 8. h3 d6 9. c3 Na5 10. Bc2 c5 11. Re1 Re8 12. Nbd2 Bf8 13. Nf1 h6 14. Ng3 g6 15. Qe2 Bg7 16. Be3 Qc7 17. Rad1 Be6 18. b3 Rac8 19. Bb1 d5 20. Bd2 dxe4 21. dxe4 c4 22. b4 Nc6 23. a4 Bf8 24. Bc2 Rcd8 25. Ra1 Rd7 26. Be3 Qb7 27. Ra2 Rd3 28. Bd2 Red8 29. Rea1 Qe7 30. axb5 axb5 31. Be1 R3d6 32. Ra6 Qb7 33. Bd2 Nd4 34. cxd4 Rxa6 35. Rxa6 Qxa6 36. d5 Qa1+ 37. Kh2 Bd7 38. Qe3 Ra8 39. Bc3 Qa3 40. Qd2 Re8 41. Bxe5 Bxb4 42. Qxh6 Bc3 43. Bf4 Qf8 44. Qh4 Nh7 45. e5 Qg7 46. Ne4 g5 47. Nfxg5 Bxe5 48. Bxe5 Rxe5 49. Nxh7 Bf5 50. Nef6+ Kh8 51. Ng5+ 1-0

[Event "Voronezh op-B 18th"]
[Site "Voronezh"]
[Date "2014.06.13"]
[Round "2"]
[White "Alieva, Alexandra"]
[Black "Kruzhilin, Aleksey"]
[Result "1/2-1/2"]
[WhiteElo "1950"]
[BlackElo "2081"]
[PlyCount "93"]
[EventDate "2014.06.12"]
[EventType "swiss"]
[EventRounds "9"]
[EventCountry "RUS"]
[SourceTitle "EXT 2015"]
[Source "ChessBase"]
[SourceDate "2014.11.20"]
[SourceVersion "1"]
[SourceVersionDate "2014.11.20"]
[SourceQuality "1"]

1. e4 e5 2. Nf3 Nc6 3. d4 exd4 4. Nxd4 Bc5 5. Nxc6 Qf6 6. Qf3 bxc6 7. Bc4 d6 8. Nd2 Be6 9. 0-0 Bxc4 10. Nxc4 Qe6 11. Qc3 Qf6 12. e5 Qh4 13. exd6 0-0-0 14. Be3 Bxe3 15. fxe3 Nf6 16. Ne5 Rxd6 17. Qa5 Qe4 18. Qa6+ Kb8 19. Nc4 Rd5 20. Na5 Qxe3+ 21. Kh1 Qb6 22. Nxc6+ Ka8 23. Qa4 Rc5 24. Ne7 Rd8 25. Rad1 Rd6 26. Rxd6 cxd6 27. h3 Qc7 28. Nf5 g6 29. Ne3 Qe7 30. Nc4 Ne4 31. Rf3 a5 32. Nb6+ Kb7 33. Nd5 Nf2+ 34. Rxf2 Qe1+ 35. Kh2 Qxf2 36. Qd7+ Kb8 37. Qd8+ Rc8 38. Qxd6+ Ka8 39. c4 Qxb2 40. Nc7+ Kb7 41. Nb5 Rxc4 42. Qd5+ Rc6 43. Na7 Kxa7 44. Qxc6 Qe5+ 45. Kg1 Qa1+ 46. Kh2 Qxa2 47. Qc7+ 1/2-1/2

[Event "Astrakhan op"]
[Site "Astrakhan"]
[Date "2013.08.20"]
[Round "7"]
[White "Shaposhnikov, Evgeny"]
[Black "Kruzhilin, Aleksey"]
[Result "1-0"]
[WhiteElo "2552"]
[BlackElo "1953"]
[PlyCount "65"]
[EventDate "2013.08.14"]
[EventType "swiss"]
[EventRounds "9"]
[EventCountry "RUS"]
[SourceTitle "CBM 156 Extra"]
[Source "ChessBase"]
[SourceDate "2013.10.22"]
[SourceVersion "1"]
[SourceVersionDate "2013.10.22"]
[SourceQuality "1"]

1. d4 Nf6 2. c4 e6 3. Nc3 Bb4 4. Qc2 c5 5. dxc5 Qc7 6. Nf3 Bxc5 7. g3 Be7 8. Nb5 Qc6 9. Bf4 d6 10. Rd1 e5 11. Be3 Be6 12. b3 a6 13. Nc3 Ng4 14. Qd2 Nxe3 15. Qxe3 Nd7 16. Bg2 Qc5 17. Qd2 Nf6 18. Ng5 Qc7 19. 0-0 0-0 20. Nxe6 fxe6 21. Bh3 Kf7 22. Qd3 Qc6 23. Bg2 Qc7 24. Ne4 Ne8 25. Bh3 g6 26. f4 Kg7 27. Bxe6 exf4 28. Qd4+ Kh6 29. gxf4 Rd8 30. Rd3 Nf6 31. Rh3+ Nh5 32. f5 Rde8 33. f6 1-0

[Event "Saratov-ch"]
[Site "Saratov"]
[Date "2013.03.01"]
[Round "5"]
[White "Kruzhilin, Aleksey"]
[Black "Sudnik, Pavel"]
[Result "0-1"]
[WhiteElo "1914"]
[BlackElo "2056"]
[PlyCount "92"]
[EventDate "2013.02.25"]
[EventType "swiss"]
[EventRounds "9"]
[EventCountry "RUS"]
[SourceTitle "CBM 153 Extra"]
[Source "ChessBase"]
[SourceDate "2013.04.22"]
[SourceVersion "1"]
[SourceVersionDate "2013.04.22"]
[SourceQuality "1"]

1. d4 Nf6 2. c4 c5 3. d5 b5 4. cxb5 a6 5. bxa6 g6 6. Nc3 Bxa6 7. e4 Bxf1 8. Kxf1 d6 9. Nf3 Bg7 10. g3 0-0 11. Kg2 Nbd7 12. a4 Qb6 13. Ra3 Rfb8 14. Qc2 Qb4 15. Nd2 Ne5 16. Nb5 c4 17. f4 Nd3 18. Nxc4 Ne1+ 19. Rxe1 Qxe1 20. Re3 Qb4 21. b3 Ng4 22. Rf3 Rc8 23. Qd3 Rxa4 24. bxa4 Rxc4 25. h3 Rxc1 26. hxg4 Qxa4 27. Rf1 Rc4 28. Rb1 Rc2+ 29. Kh3 Qa2 30. Rh1 Qb2 31. g5 Rd2 32. Qc4 Rc2 33. Qd3 Qa2 34. Kg4 Rb2 35. Rc1 h5+ 36. gxh6 Bxh6 37. Rc8+ Kh7 38. Nd4 Bg7 39. Nf3 f6 40. Nd4 Rd2 41. Qb3 Qa6 42. Rc6 Qf1 43. Qf3 Rf2 44. f5 Rxf3 45. Nxf3 Qe2 46. fxg6+ Kxg6 0-1

[Event "Saratov Winter Cup"]
[Site "Saratov"]
[Date "2013.01.21"]
[Round "8"]
[White "Eramian, Gamlet"]
[Black "Kruzhilin, Aleksey"]
[Result "0-1"]
[WhiteElo "2033"]
[BlackElo "1887"]
[PlyCount "56"]
[EventDate "2013.01.12"]
[EventType "swiss"]
[EventRounds "9"]
[EventCountry "RUS"]
[SourceTitle "CBM 152 Extra"]
[Source "ChessBase"]
[SourceDate "2013.02.25"]
[SourceVersion "1"]
[SourceVersionDate "2013.02.25"]
[SourceQuality "1"]

1. d4 Nf6 2. c4 e6 3. g3 c5 4. Nf3 cxd4 5. Nxd4 Qc7 6. b3 Bb4+ 7. Bd2 Bc5 8. Nb5 Qc6 9. f3 a6 10. N5c3 Qb6 11. Qc2 Bf2+ 12. Kd1 Nc6 13. Na4 Qa7 14. Nbc3 d5 15. Bg2 dxc4 16. bxc4 0-0 17. c5 Rd8 18. Rf1 Be3 19. Nb6 Bxd2 20. Qxd2 Rxd2+ 21. Kxd2 Rb8 22. e4 Nd7 23. Nca4 Nxc5 24. Nxc5 Qxb6 25. Nb3 Qb4+ 26. Kc2 Bd7 27. Rad1 Be8 28. Kb2 Na5 0-1

[Event "Saratov Winter Cup"]
[Site "Saratov"]
[Date "2013.01.18"]
[Round "7"]
[White "Dmitriev, Igor"]
[Black "Kruzhilin, Aleksey"]
[Result "1-0"]
[WhiteElo "2307"]
[BlackElo "1887"]
[PlyCount "93"]
[EventDate "2013.01.12"]
[EventType "swiss"]
[EventRounds "9"]
[EventCountry "RUS"]
[SourceTitle "CBM 152 Extra"]
[Source "ChessBase"]
[SourceDate "2013.02.25"]
[SourceVersion "1"]
[SourceVersionDate "2013.02.25"]
[SourceQuality "1"]

1. g3 d5 2. c4 d4 3. d3 c5 4. Bg2 Nc6 5. Bxc6+ bxc6 6. Qa4 Qb6 7. Nf3 f6 8. Nbd2 Bh3 9. Rg1 Bd7 10. g4 g5 11. Kd1 e5 12. Ne4 Be7 13. h4 h6 14. Kc2 Qc7 15. Bd2 Rb8 16. Qa3 Bxg4 17. Rxg4 f5 18. Rg2 fxe4 19. dxe4 g4 20. Ne1 h5 21. Nd3 Nf6 22. f3 gxf3 23. exf3 Bd6 24. Rag1 Rh7 25. Rg5 Kf7 26. Rf5 Ke7 27. Rg6 Nd7 28. Bg5+ Ke8 29. Rg8+ Nf8 30. Nxe5 Rg7 31. Rxg7 Qxg7 32. Nd3 Ne6 33. Qa6 Qd7 34. Bc1 Rb6 35. Qa5 Ng7 36. Rg5 Qf7 37. b3 Ne6 38. Rf5 Qg7 39. Bg5 Qc7 40. Qd2 a5 41. Rf6 Ng7 42. Bh6 Bf8 43. Qg2 Qe7 44. Qg6+ Kd8 45. Bg5 Kc8 46. Rf7 Qe8 47. Rxg7 1-0

[Event "Saratov Winter Cup"]
[Site "Saratov"]
[Date "2013.01.16"]
[Round "5"]
[White "Sudnik, Pavel"]
[Black "Kruzhilin, Aleksey"]
[Result "1-0"]
[WhiteElo "2020"]
[BlackElo "1887"]
[PlyCount "72"]
[EventDate "2013.01.12"]
[EventType "swiss"]
[EventRounds "9"]
[EventCountry "RUS"]
[SourceTitle "CBM 152 Extra"]
[Source "ChessBase"]
[SourceDate "2013.02.25"]
[SourceVersion "1"]
[SourceVersionDate "2013.02.25"]
[SourceQuality "1"]

1. e4 e5 2. Bc4 Nf6 3. d3 h6 4. Nc3 Nc6 5. Nge2 g6 6. 0-0 Bg7 7. f4 d6 8. a3 0-0 9. Ng3 exf4 10. Bxf4 Be6 11. Bxe6 fxe6 12. h3 e5 13. Be3 b6 14. Qd2 Kh7 15. Rf2 d5 16. exd5 Nxd5 17. Rxf8 Bxf8 18. Nxd5 Qxd5 19. Rf1 Bc5 20. Ne4 Bxe3+ 21. Qxe3 Kg7 22. Kh2 Qd7 23. Qf2 Qe7 24. Qf6+ Qxf6 25. Rxf6 Nd8 26. h4 a5 27. g4 a4 28. h5 gxh5 29. gxh5 Nf7 30. Rc6 Ra7 31. Kg3 Kf8 32. Kg4 Ra5 33. Rxc7 Ng5 34. Nxg5 hxg5 35. h6 Kg8 36. Kxg5 e4+ 1-0

[Event "Saratov Summer Cup SSEU 3st stage"]
[Site "Saratov"]
[Date "2012.07.30"]
[Round "5.4"]
[White "Kruzhilin, Aleksey"]
[Black "Gagarkine, Nikolay"]
[Result "0-1"]
[WhiteElo "1870"]
[BlackElo "1929"]
[PlyCount "230"]
[EventDate "2012.07.23"]
[EventType "swiss"]
[EventRounds "7"]
[EventCountry "RUS"]
[SourceTitle "EXT 2022"]
[Source "ChessBase"]
[SourceDate "2021.10.06"]
[SourceVersion "1"]
[SourceVersionDate "2021.10.06"]
[SourceQuality "1"]

1. d4 d5 2. Nf3 Nf6 3. c4 dxc4 4. e3 c5 5. Bxc4 cxd4 6. exd4 e6 7. 0-0 Be7 8. Nc3 Bd7 9. Qb3 Bc6 10. Ne5 0-0 11. Rd1 Nd5 12. Nxc6 Nxc6 13. Bxd5 Na5 14. Qc2 exd5 15. Qf5 Re8 16. Nxd5 Nc6 17. Be3 Bf8 18. Qf3 Qd7 19. Rac1 Rad8 20. Nc3 a6 21. Na4 Ne5 22. dxe5 Qxa4 23. Rxd8 Rxd8 24. a3 Qb3 25. Qe2 h6 26. g3 Qd5 27. f4 b5 28. Rc2 Qb3 29. Kf2 Re8 30. Rc3 Qd5 31. Qf3 Qa2 32. Qe2 Qe6 33. Qc2 Qh3 34. Kg1 Qg4 35. Kg2 Qe6 36. Qe4 Qg4 37. Qf3 Qf5 38. g4 Qb1 39. Bc1 Qa2 40. Qc6 Rd8 41. Qxa6 Qd5+ 42. Kg3 b4 43. axb4 Bxb4 44. Rf3 Qd1 45. Be3 Be1+ 46. Kg2 Rd3 47. Qa8+ Kh7 48. Bf2 Qe2 49. h3 Rd2 50. Qa7 Rxb2 51. Kg3 Bxf2+ 52. Qxf2 Qb5 53. Qe3 Re2 54. Qd3+ Qxd3 55. Rxd3 g6 56. Kf3 Re1 57. Re3 Ra1 58. f5 Kg8 59. Ke4 Ra4+ 60. Kd5 Kf8 61. fxg6 fxg6 62. Rf3+ Ke7 63. Rc3 Ra7 64. Rc6 Ra5+ 65. Ke4 Ra4+ 66. Kd5 Ra1 67. Rc5 Ra7 68. e6 Kf6 69. Rc6 Ra5+ 70. Kd6 Ra1 71. Kd7 Ra7+ 72. Kd6 Ra1 73. Kd7 Ra7+ 74. Kd6 Ra1 75. Kc7 Ke7 76. Kb6 Rb1+ 77. Kc7 Rb3 78. h4 Rb4 79. g5 hxg5 80. hxg5 Rb5 81. Rc2 Rxg5 82. Re2 Rc5+ 83. Kb6 Rc1 84. Re5 Rc8 85. Kb5 Kf6 86. Re3 Re8 87. Rf3+ Kxe6 88. Kc4 Rd8 89. Rf2 g5 90. Rf1 Ke5 91. Rf7 Ke4 92. Rg7 Kf4 93. Rf7+ Kg3 94. Rg7 g4 95. Rf7 Kg2 96. Kc5 g3 97. Rg7 Kf2 98. Rf7+ Kg1 99. Rh7 g2 100. Kc6 Rf8 101. Rg7 Kf2 102. Kd5 g1Q 103. Rxg1 Kxg1 104. Kd6 Kf2 105. Ke7 Rf3 106. Ke6 Ke3 107. Ke5 Rf1 108. Ke6 Kd4 109. Kd6 Rf6+ 110. Ke7 Ra6 111. Kf7 Ke5 112. Kg7 Kf5 113. Kh7 Ra7+ 114. Kh6 Rb7 115. Kh5 Rh7# 0-1

[Event "Saratov Summer Cup SSEU 3st stage"]
[Site "Saratov"]
[Date "2012.07.26"]
[Round "4.5"]
[White "Fedukin, Alexandre"]
[Black "Kruzhilin, Aleksey"]
[Result "0-1"]
[WhiteElo "1888"]
[BlackElo "1870"]
[PlyCount "52"]
[EventDate "2012.07.23"]
[EventType "swiss"]
[EventRounds "7"]
[EventCountry "RUS"]
[SourceTitle "EXT 2022"]
[Source "ChessBase"]
[SourceDate "2021.10.06"]
[SourceVersion "1"]
[SourceVersionDate "2021.10.06"]
[SourceQuality "1"]

1. c4 e6 2. Nf3 d5 3. d4 Nf6 4. g3 Be7 5. Bg2 0-0 6. 0-0 dxc4 7. Ne5 Nc6 8. Bxc6 bxc6 9. Nxc6 Qe8 10. Nxe7+ Qxe7 11. Bg5 Bb7 12. f3 h6 13. Bxf6 Qxf6 14. Na3 Rfd8 15. e3 c5 16. Nc2 cxd4 17. exd4 e5 18. dxe5 Qb6+ 19. Rf2 Rxd1+ 20. Rxd1 Rd8 21. Rxd8+ Qxd8 22. Kg2 Qa5 23. Re2 Qxa2 24. Nd4 Qa5 25. e6 fxe6 26. Nxe6 Qd5 0-1